Riadenie výchovnovzdelávacieho procesu na vysokých školách technických záverečná práca postgraduálneho štúdia

Salvato in:
Dettagli Bibliografici
Autore principale: Hebort, Ladislav
Ente Autore: Vysoká škola ekonomická v Bratislave
Altri autori: Driensky, Dušan
Natura: Libro
Lingua:slovacco
Pubblicazione: Bratislava 1987
Tags: Aggiungi Tag
Nessun Tag, puoi essere il primo ad aggiungerne!!

MARC

LEADER 00000nam a2200000 4500
001 c033896
005 20221219095113.7
041 0 |a slo 
044 |a SK 
245 1 0 |a Riadenie výchovnovzdelávacieho procesu na vysokých školách technických  |b záverečná práca postgraduálneho štúdia  |c Ladislav Hebort ; Ved. práce Dušan Driensky 
264 1 |a Bratislava  |c 1987 
300 |a 60 s. 
100 1 |a Hebort, Ladislav 
700 1 |a Driensky, Dušan 
710 2 |a Vysoká škola ekonomická v Bratislave